Gramática alemana (Record no. 68349)

MARC details
000 -LEADER
campo de control de longitud fija 00703nam a2200193 i 4500
001 - NÚMERO DE CONTROL
campo de control 68349
003 - IDENTIFICADOR DE NÚMERO DE CONTROL
campo de control ES-MaACL
005 - FECHA Y HORA DE LA ÚLTIMA TRANSACCIÓN
campo de control 20250813063308.0
007 - CAMPO FIJO DE DESCRIPCIÓN FÍSICA--INFORMACIÓN GENERAL
campo de control de longitud fija t|
008 - DATOS DE LONGITUD FIJA--INFORMACIÓN GENERAL
campo de control de longitud fija 931025s1882 sp ||||1| spa d
100 1# - ENTRADA PRINCIPAL--NOMBRE DE PERSONA
Nombre de persona García Ayuso, Francisco,
Fechas asociadas al nombre 1835-1897
9 (RLIN) 54202
245 10 - MENCIÓN DEL TÍTULO
Título Gramática alemana
Resto del título : método teórico-práctico con un catecismo gramatical en alemán para aprender á hablar este idioma /
Mención de responsabilidad, etc. por F.G. Ayuso.
260 ## - PUBLICACIÓN, DISTRIBUCIÓN, ETC.
Lugar de publicación, distribución, etc. Madrid :
Nombre del editor, distribuidor, etc. Academia de Lenguas,
Fecha de publicación, distribución, etc. 1882 (
Fabricante Imp. G. Hernando)
300 ## - DESCRIPCIÓN FÍSICA
Extensión VIII, 320 p. ;
Dimensiones 21 cm.
650 04 - PUNTO DE ACCESO ADICIONAL DE MATERIA--TÉRMINO DE MATERIA
Término de materia o nombre geográfico como elemento de entrada Lengua alemana-
Subdivisión general Gramática.
9 (RLIN) 14085
650 04 - PUNTO DE ACCESO ADICIONAL DE MATERIA--TÉRMINO DE MATERIA
Término de materia o nombre geográfico como elemento de entrada Lengua alemana-
Subdivisión de forma Métodos.
9 (RLIN) 14086
852 ## - LOCALIZACIÓN
Ubicación ES-MaACL
Número de control de estantería B-3072
Holdings
Estatus retirado Estado de pérdida Estado de daño No para préstamo Colección Biblioteca de origen Biblioteca actual Ubicación en estantería Fecha de adquisición Fuente de adquisición Total de préstamos Signatura topográfica completa Código de barras Visto por última vez Precio de reemplazo Tipo de ítem Koha
        Libros del s. XIX Biblioteca del Ateneo de Madrid Biblioteca del Ateneo de Madrid Sala Pardo Bazán 17/01/2008     B-3072 1071548 23/02/2023 23/02/2023 Libro impreso antiguo